Contabilidad 4; para 4to. año de las escuelas de comercio /

Guardado en:
Autor Principal: Fernández Durán, Elsa S de
Formato: Libro
Publicado: Buenos Aires : Kapelusz, 1984
Materias:
Etiquetas: Agregar Etiqueta
Sin Etiquetas, Sea el primero en etiquetar este registro!
LEADER 00640nam a22002055a 4500
001 CEM.cems015859
005 20131011162750.0
008 130507s1984##################000#0#####d
003 CEMS
020 |a 9501324699 
082 0 4 |a 657 
100 1 |a Fernández Durán, Elsa S de 
245 1 0 |a Contabilidad 4; para 4to. año de las escuelas de comercio /  |c Elsa S de Fernández Durán 
260 |a Buenos Aires :  |b Kapelusz,  |c 1984 
300 |a 238 p. 
653 |a Contabiblidad 
653 |a Conttrato de leasing 
653 |a Empresa industrial 
653 |a Empresa de servicios 
859 |a CEMS  |b BIB. CEMS - Agricultura  |h 657  |i F391  |p A18178.95  |t Ej.1  |v 4  |3 4